000 00484nam a22001697a 4500
005 20240108141818.0
008 190527b xxu||||| |||| 00| 0 eng d
020 _a978-93-5164-005-9
041 _aeng
100 _aJAIN,DR.D.K,BAVISKAR,DR. DHEERAJ T.,AND DARWHEKAR,DR.G.N
_98317
245 _aA PRACTICAL HANDBOOK ON PHARMACEUTICAL DOSAGE FORMS-I
250 _a6th Ed. 2018
260 _aPUNE
_bNIRALI PRAKASHAN
300 _a19.5p,
650 _aPHARMACY
_xD.PHARMA
942 _cBK
999 _c5859
_d5857